Nguyễn Huy Tưởng và những trang viết về Điện Biên /

Guardado en:
Detalles Bibliográficos
Otros Autores: Nguyễn Huy Thắng (biên soạn và giới thiệu)
Formato: Sách giấy
Lenguaje:Vietnamese
Publicado: H. : Hội Nhà văn, 2004
Materias:
Etiquetas: Agregar Etiqueta
Sin Etiquetas, Sea el primero en etiquetar este registro!
Thư viện lưu trữ: Thư viện Trường Đại học Đà Lạt
LEADER 00857nam a2200313 4500
001 DLU050048458
005 ##20040805
040 # # |a DLU  |b vie 
041 # # |a vie 
044 # # |a vn 
082 # # |a 895.922 3  |b Ngu 
245 # # |a Nguyễn Huy Tưởng và những trang viết về Điện Biên /  |c Nguyễn Huy Thắng biên soạn và giới thiệu 
260 # # |a H. :  |b Hội Nhà văn,  |c 2004 
300 # # |a 443 tr. ;  |c 21 cm 
653 # # |a Nguyễn Huy Tưởng,1912-1960 
653 # # |a Điện Biên Phủ 
653 # # |a Ghi chép 
653 # # |a Tiểu thuyết 
700 # # |a Nguyễn Huy Thắng  |e biên soạn và giới thiệu 
923 # # |a 39/2005 
992 # # |a 58.000 
994 # # |a DLU 
900 # # |a True 
911 # # |a Đào Thị Thu Huyền 
925 # # |a G 
926 # # |a A 
927 # # |a SH 
980 # # |a Thư viện Trường Đại học Đà Lạt